| 000 | 00428cam a2200169ua 4500 | ||
|---|---|---|---|
| 020 | _c25.00 | ||
| 041 |
_aeng _h |
||
| 082 |
_a891.43 _bMAH/KA |
||
| 100 | _aMahathma, Gandhi . | ||
| 245 |
_aKanth sahithya vichar our prabav / _cGandhi Mahathma. _hTextual Documents |
||
| 260 |
_a : _bDelhi sath ka makaya vikath , _c1966. |
||
| 300 | _a697 ; . | ||
| 365 | _a25.00 | ||
| 504 | _a | ||
| 942 | _cBK | ||
| 999 |
_c3628 _d3628 |
||